| 000 | 01155cam a2200253 4500 | ||
|---|---|---|---|
| 008 | 050401n2005 000 0 eng u | ||
| 020 | _a1904829139 | ||
| 035 | _a(Sirsi) u129206 | ||
| 041 | _aeng | ||
| 050 |
_a690.24 _c18 |
||
| 110 |
_aBuilding Maintenance Information _93229 |
||
| 245 | _aOccupancy costs of community centres | ||
| 260 |
_aLondon _bBCIS _c2005 |
||
| 300 |
_a77p. _c30cm. |
||
| 490 |
_aBMI Special Report _v337 |
||
| 520 | _aProvides current occupancy benchmarks for two community centres. Shows the projected annual occupancy costs for two schemes which will provide a strategic benchmark for similar buildings. Includes projected annual expenditure charts and detailed estimates for individual elements and components. | ||
| 520 | _aThis item is part of a subscription service and cannot be photocopied. Neither can any part of it be read over the phone. Please contact BMI direct on +44 (0)20 7695 1500 for details. | ||
| 650 | _aOCCUPANCY COSTS | ||
| 650 | _aCOMMUNITY CENTRES | ||
| 650 | _aOCCUPANCY COST PLANS | ||
| 650 | _aBENCHMARKING | ||
| 690 | _aBUILDING AND CONSTRUCTION-REPAIRS AND MAINTENANCE | ||
| 942 | _n0 | ||
| 999 |
_c104124 _d104124 |
||